000 00472nam a2200169Ia 4500
008 230917s9999||||xx |||||||||||||| ||und||
020 _cRS 1000.00
040 _e5015228
_aMAIN
041 _aEnglish
082 _a338.4791 S28T
100 _aSwain, Sampada Kumar
245 0 _aTourism: Principles and practices
260 _aNew Delhi
_bOxford University Press
_c2019
300 _axv, 748 p.
500 _a4084 29/09/2021 HBD22/8982 12/11/2021 IHTM (SFS)
942 _cBK
999 _c2411
_d2411